[Event "Cochabamba GP op 4th"]
[Site "Cochabamba"]
[Date "2023.09.09"]
[Round "6"]
[White "Terceros Ynturias, Cristel"]
[Black "Vargas Sanchez, Dashely"]
[Result "1-0"]
[WhiteElo "1063"]
[BlackElo "1309"]
[PlyCount "105"]
[EventDate "2023.09.07"]
[EventType "swiss"]
[EventRounds "7"]
[EventCountry "BOL"]
[SourceTitle "EXT 2024"]
[Source "ChessBase"]
[SourceDate "2023.10.10"]
[SourceVersion "1"]
[SourceVersionDate "2023.10.10"]
[SourceQuality "1"]

1. e4 c5 2. Nc3 d6 3. f4 Nc6 4. Nf3 Nf6 5. d3 Bd7 6. h3 Qc7 7. a3 g6 8. Nd5 Nxd5 9. exd5 Nd4 10. Nxd4 cxd4 11. Be2 Bg7 12. 0-0 0-0 13. Bd2 Rac8 14. Rc1 Qb6 15. b3 Qc5 16. b4 a6 17. a4 Qc7 18. a5 Ba4 19. Be1 b6 20. axb6 Qxb6 21. Qd2 Rc7 22. Bf2 Rc3 23. Be1 Rfc8 24. Bd1 Qxb4 25. Qe2 Qb2 26. Bxc3 Qxc1 27. Bd2 Qa3 28. Qxe7 Bxc2 29. Bg4 Rf8 30. Rf3 a5 31. f5 Bd1 32. Rg3 Bxg4 33. Rxg4 Qa4 34. Bf4 Re8 35. Qxd6 Qd1+ 36. Kh2 Re1 37. Qd8+ Bf8 38. Qxa5 Rh1+ 39. Kg3 Qxd3+ 40. Kh4 Qxf5 41. Qd8 Qh5+ 42. Kg3 d3 43. Bd6 Qh6 44. Bf4 Qg7 45. d6 Qd4 46. d7 d2 47. Qxf8+ Kxf8 48. Bh6+ Ke7 49. Rxd4 d1Q 50. d8Q+ Ke6 51. Qd7+ Kf6 52. Qd6+ Kf5 53. Rf4# 1-0

[Event "BOL-ch U16 Girls"]
[Site "Cochabamba"]
[Date "2023.01.15"]
[Round "6"]
[White "Barros Jardi Arce, Sarai"]
[Black "Vargas Sanchez, Dashely"]
[Result "1/2-1/2"]
[WhiteElo "1178"]
[BlackElo "1187"]
[PlyCount "30"]
[EventDate "2023.01.13"]
[EventType "swiss"]
[EventRounds "7"]
[EventCountry "BOL"]
[SourceTitle "EXT 2024"]
[Source "ChessBase"]
[SourceDate "2023.10.10"]
[SourceVersion "1"]
[SourceVersionDate "2023.10.10"]
[SourceQuality "1"]

1. d4 Nf6 2. Bf4 g6 3. e3 Bg7 4. Nf3 0-0 5. Nc3 c6 6. Bd3 d5 7. h3 Qb6 8. Rb1 Nbd7 9. Ne5 c5 10. Be2 e6 11. 0-0 cxd4 12. exd4 Nxe5 13. Bxe5 Ne4 14. Bxg7 Kxg7 15. Nxe4 dxe4 1/2-1/2